| 000 | 02454nam a2200361 a 4500 | ||
|---|---|---|---|
| 001 | 000026476 | ||
| 003 | DO-SdBNP | ||
| 005 | 20180215133533.0 | ||
| 007 | 000026476 | ||
| 008 | 110321s2011 dr 001 0 spa d | ||
| 020 | _a9789945074246 | ||
| 040 |
_aBPMSU _bspa _cBPMSU |
||
| 082 | 4 |
_aRD868.44 _bZ18ó |
|
| 100 | 1 |
_aZaglul, Antonio, _d1920-1996 |
|
| 245 | 1 | 0 |
_aObras selectas / _cAntonio Zaglul ; editor Andrés Blanco Díaz. |
| 260 |
_aSanto Domingo : _bBanReservas, _c2011. |
||
| 300 |
_a2 v. ; _c27 cm. |
||
| 490 | 1 |
_aArchivo General de la Nación _v131 |
|
| 500 | _aIncluye índice onomástico | ||
| 504 | _aBibliografía : p. 489 | ||
| 505 |
_gV. 1 : _tMis500 locos -- _aPresentación -- _tMemoria del director de un manicomio -- _tMotivación -- _tLa llegada -- _tRecordando al Padre Billini -- _tTrementina, clerén y bongó. -- _tFiesta dominical -- _tHistoria de los manicomios -- _tLos enfermeros -- _tUn extraño cargamento -- _tLos mellizos se encuentran -- _tEl padre Wheaton -- _tEl día que los locos callaron -- _tLa Psiquiatría evoluciona -- _tLa mente y sus enfermedades -- _tEl mundo misterioso de los esquizofrénicos -- _tEl mundo de los psicópatas -- _tLas neurosis -- _tLas psicosis -- _tAutobiografía de una esquizofrénica -- _tPlinio -- _tEl corredor -- _tEl liniero que lo sabía todo -- _tEl maestro -- _tEl loco que nunca reía -- _tEl venezolano -- _tEn el mundo de la tristeza y de la alegría anormal. La locura maníaco-depresiva -- _tLa tristeza invade el Manicomio -- _tUna apuesta macabra -- _tLos maníacos _tEpilepsia -- _t“La gota”, palabra maldita -- _tMás ladrón que loco -- _tEl amigo Bernardo -- _tEl veterano -- _tRecordando al Padre Billini -- _tTrementina, clerén y bongó -- Icargamento -- _rDaniel Toribio / |
||
| 505 |
_gV. 2 : _aTemas de psiquiatría y medicina -- _tSobre el comportamiento social y la cultura dominicana -- _tPersonajes y amigos en el recuerdo -- |
||
| 600 | 1 | 4 |
_aZAGLUL, ANTONIO, _d1920-1996 |
| 600 | 1 | 4 |
_aRODRÍGUEZ, EVANGELINA, _d1879-1947 |
| 650 | 4 |
_aPSIQUIATRÍA _xENSAYOS, CONFERENCIAS, ETC. |
|
| 650 | 4 |
_aSALUD PÚBLICA _xENSAYOS, CONFERENCIAS, ETC. |
|
| 700 | 1 |
_aBlanco Díaz, Andrés, _eed. |
|
| 830 | 0 |
_aArchivo General de la Nación _v131 |
|
| 910 | _aValidado. Control de calidad BNPHU | ||
| 942 |
_2ddc _cBK |
||
| 945 | _aInventariado / 2017 VM | ||
| 956 |
_aVMATEO _b10 _c20150712 _lBPMSU _h00151 |
||
| 999 |
_c7960 _d7960 |
||